000 00577nam a22002057a 4500
999 _c7660
_d7660
003 OSt
005 20220128140515.0
008 220128b ||||| |||| 00| 0 eng d
020 _a978-1-4051-8032-0
040 _cDDC
082 _a304.8 BET 2009
100 _aBetts, Alexander
_915665
245 _aForced Migration and Global Politics
260 _aOxford:
_bWiley - Blackwell;
_c c2009,
300 _avii,216p.;
_c23 cm
504 _aincludes index
650 _aRefugees- Government policy
_915668
650 _2Refugees- International cooperation
942 _2ddc
_cBOOK